| 000 | 00479nam a2200145 4500 | ||
|---|---|---|---|
| 999 |
_c512193 _d512193 |
||
| 008 | 191114b ||||| |||| 00| 0 eng d | ||
| 100 |
_aNam, Yunju et al _913135 |
||
| 245 | _aFinancial capability and economic security among low-income older Asian immigrants: Lessons from qualitative interviews | ||
| 260 | _bSocial Work | ||
| 300 | _a64(3), Jul, 2019: p.224-232. | ||
| 650 |
_aImmigrants - Asia _913136 |
||
| 773 | _aSocial Work | ||
| 906 | _aImmigrants | ||
| 942 |
_2ddc _cAR |
||